000
00312nam a2200133Ia 4500
008
151001s9999||||xx |||||||||||||| ||und||
100
_a
हॅरॉल्ड रॉबिन्स
245
_a
अमर
250
_a
1
260
_b
क्ष
260
_c
1993
300
_a
316
365
_b
21
999
_c
970024
_d
970021